Ha estallado la paz
Đã lưu trong:
| Tác giả chính: | |
|---|---|
| Định dạng: | Sách |
| Ngôn ngữ: | Tiếng Tây Ban Nha |
| Được phát hành: |
Barcelona
Planeta
1983
|
| Phiên bản: | 2a. ed |
| Loạt: | Colección popular
|
| Những chủ đề: | |
| Các nhãn: |
Thêm thẻ
Không có thẻ, Là người đầu tiên thẻ bản ghi này!
|
MARC
| LEADER | 00000nam a2200000 a 4500 | ||
|---|---|---|---|
| 001 | UCZ0026 | ||
| 003 | CL-VaPUC | ||
| 008 | 950724e19831100SP |||||||||||||||||spa|d | ||
| 082 | 0 | 4 | |a 863 |b GIR |2 21 |
| 100 | |a Gironella, José María |e author |9 376960 | ||
| 245 | 1 | 0 | |a Ha estallado la paz |
| 250 | |a 2a. ed | ||
| 300 | |a 633 p | ||
| 942 | |c BK | ||
| 945 | |d 19950724 00:00:00 |a cmena | ||
| 260 | |a Barcelona |b Planeta |c 1983 | ||
| 650 | 0 | |a Novelas españolas |9 265052 | |
| 650 | 0 | |a Literatura española |9 306261 | |
| 650 | 0 | |a Guerra civil |9 320243 | |
| 651 | 0 | |a España |9 254926 | |
| 583 | |a last modification |c 19950724 00:00:00 |k Rodrigo Vera | ||
| 490 | 0 | |a Colección popular | |
| 999 | |c 237005 |d 237003 | ||
| 952 | |0 0 |1 0 |4 0 |6 863_000000000000000_GIR_1983 |7 0 |8 A |9 245649 |a BIBEDU |b BIBEDU |d 2019-11-18 |i 1540653 |o 863 GIR 1983 |p 1540653 |r 2019-11-18 |w 2019-11-18 |y BK |k EDU | ||